Analysis and approximation of contact problems with adhesion or damage / (Record no. 28870)

000 -LEADER
fixed length control field 00778 a2200205 4500
020 ## - INTERNATIONAL STANDARD BOOK NUMBER
International Standard Book Number 9781584885856
020 ## - INTERNATIONAL STANDARD BOOK NUMBER
International Standard Book Number 9781584885856
082 04 - DEWEY DECIMAL CLASSIFICATION NUMBER
Classification number 620.105
090 ## - LOCALLY ASSIGNED LC-TYPE CALL NUMBER (OCLC); LOCAL CALL NUMBER (RLIN)
-- 234
-- 234
100 1# - MAIN ENTRY--PERSONAL NAME
Personal name Sofonea, Mircea.
245 10 - TITLE STATEMENT
Title Analysis and approximation of contact problems with adhesion or damage /
Statement of responsibility, etc. Mircea Sofonea, Weimin Han, Meir Shillor.
260 ## - PUBLICATION, DISTRIBUTION, ETC.
Place of publication, distribution, etc. [S.l.] :
Name of publisher, distributor, etc. Chapman and Hall/CRC,
Date of publication, distribution, etc. 2005.
300 ## - PHYSICAL DESCRIPTION
Extent 220 p. ;
Dimensions 24 cm.
490 1# - SERIES STATEMENT
Series statement Chapman & hall/crc pure and applied mathematics.
700 1# - ADDED ENTRY--PERSONAL NAME
Personal name Han, Weimin.
700 1# - ADDED ENTRY--PERSONAL NAME
Personal name Shillor, Meir.
830 #0 - SERIES ADDED ENTRY--UNIFORM TITLE
Uniform title Chapman & hall/crc pure and applied mathematics.
942 ## - ADDED ENTRY ELEMENTS (KOHA)
Institution code [OBSOLETE] SNS
Koha item type Book
Call number prefix 620.105 SOF
Holdings
Withdrawn status Lost status Damaged status Not for loan Permanent Location Current Location Date acquired Total Checkouts Full call number Barcode Date last seen Price effective from Koha item type
        School of Natural Sciences (SNS) School of Natural Sciences (SNS) 05/26/2016   620.105 SOF SNS0000140 05/26/2016 05/26/2016 Book
© 2023 Central Library, National University of Sciences and Technology. All Rights Reserved.